Guess the 1970s song lyrics #11 - Statistics

General Stats
  • This quiz has been taken 78 times
  • The average score is 122 of 213
Answer Stats
Answer % Correct
a
100%
I
99%
the
91%
and
88%
And
88%
me
85%
my
81%
to
81%
When
81%
when
81%
do
79%
In
79%
he
78%
no
76%
Where
76%
go
75%
on
75%
am
73%
just
73%
Just
73%
so
73%
boy
72%
For
72%
for
72%
was
72%
of
70%
Of
70%
what
69%
hear
67%
man
67%
there
66%
by
64%
his
64%
Then
64%
But
61%
were
61%
you
61%
All
58%
are
58%
boxer
58%
from
58%
that
58%
love
57%
have
55%
know
55%
poor
55%
every
54%
him
54%
out
52%
they
52%
told
52%
only
51%
wants
51%
more
48%
Or
48%
down
46%
get
46%
home
46%
some
46%
than
46%
times
46%
took
46%
Still
45%
still
45%
though
45%
hears
43%
people
43%
fighter
42%
going
42%
leaving
42%
seldom
42%
would
42%
avenue
40%
family
40%
Looking
40%
looking
40%
come
39%
I'm
39%
left
39%
remains
39%
rest
39%
story's
39%
comfort
37%
disregards
37%
New
37%
stands
37%
job
36%
trade
34%
anger
33%
clearing
33%
cried
33%
lonesome
33%
shame
33%
squandered
33%
whores
33%
company
31%
declare
31%
jest
31%
lies
31%
offers
31%
places
31%
promises
31%
station
31%
winter
31%
gone
30%
ragged
30%
railway
30%
strangers
30%
Such
30%
York
30%
7th
28%
City
28%
resistance
28%
winters
28%
bleeding
27%
carries
27%
cut
27%
mumbles
27%
reminders
27%
till
27%
laid
25%
low
25%
pocketful
25%
quarters
25%
Running
25%
scared
25%
aren't
24%
clothes
24%
seeking
24%
wages
24%
Laying
22%
laying
22%
poorer
22%
wishing
22%
workman's
22%
Asking
21%
glove
21%
quiet
18%
Leading
16%
Lie-la-lie
9%
Lie-la-lie-lie-lie-lie-lie
3%
Lie-la-lie-lie-lie-lie-lie, lie-lie-lie-lie-lie
1%
No matching quizzes found
Score Distribution
Percent of People with Each Score
Percentile by Number Answered
Your Score History
You have not taken this quiz